000
00290nam a2200121Ia 4500
005
20260328104304.0
008
260328s9999||||xx |||||||||||||| ||und||
100
_a
Smith, Adam
245
0
_a
Riqueza de las Naciones III /
_c
Adam Smith
260
_b
Orbis
650
_a
ECONOMIA
942
_c
BK
999
_c
10700
_d
10700